000 00728nam a22001937a 4500
005 20251108175040.0
008 250721s2009 xx 000 0 ara d
082 1 4 _aم/730.09564/راش
100 1 _aأبو راشد، عبد الله
245 1 0 _aفن التصوير الفلسطيني ( حوارات الأرض - التراث - القدس - المقاومة - الانتفاضة) /
246 1 1 _apalestinia painting art( dialogs of land,heritage, alquds,resistance,intifada)
264 1 _aدمشق :
_bدار مؤسسة فلسطين للثقافة،
_c2009.
300 _a165 ص.
650 1 7 _aالفن التشكيلي
650 1 7 _aفلسطين
650 1 7 _aالفنون
942 _2ddc
_cREF
999 _c124889
_d124889